[Event "ESP-ch Veterans"]
[Site "Sabadell"]
[Date "2009.12.17"]
[Round "6"]
[White "Febrero Perez, Lluis"]
[Black "Pujades Costa, Joan"]
[Result "1-0"]
[WhiteElo "1599"]
[BlackElo "1856"]
[PlyCount "145"]
[EventDate "2009.12.12"]
[EventType "swiss"]
[EventRounds "7"]
[EventCountry "ESP"]
[SourceTitle "CBM 133 Extra"]
[Source "ChessBase"]
[SourceDate "2010.01.05"]
[SourceVersion "1"]
[SourceVersionDate "2010.01.05"]
[SourceQuality "1"]

1. e4 e5 2. Nf3 Nf6 3. Nc3 d5 4. exd5 Nxd5 5. Bc4 Nxc3 6. bxc3 Bd6 7. d4 exd4 8. cxd4 Qe7+ 9. Qe2 Qxe2+ 10. Kxe2 Bg4 11. h3 Bxf3+ 12. Kxf3 0-0 13. Re1 Nd7 14. g4 c6 15. Bg5 Rfe8 16. c3 Kf8 17. a4 Nb6 18. Bb3 f6 19. Be3 Rad8 20. c4 Bb8 21. a5 Nc8 22. d5 cxd5 23. Ba4 Re5 24. Reb1 Nd6 25. cxd5 Rxd5 26. Bc2 Bc7 27. Bxa7 Rxa5 28. Rxa5 Bxa5 29. Bxh7 Nf7 30. Bc5+ Ke8 31. Bg6 Rd7 32. Bf5 Rc7 33. Rb5 Bc3 34. Bb6 Nd6 35. Bg6+ Ke7 36. Rb3 Rc6 37. Be3 b5 38. h4 Ke6 39. Bf4 b4 40. Ke3 Kd5 41. Kd3 Rc4 42. Bxd6 Rd4+ 43. Ke3 Kxd6 44. Rxc3 Rxg4 45. Rd3+ Ke7 46. h5 Rc4 47. Kd2 f5 48. Bxf5 Rf4 49. Re3+ Kf6 50. Bg6 Rxf2+ 51. Ke1 Rf4 52. Rb3 Rd4 53. Ke2 Rc4 54. Kd2 Rg4 55. Kc2 Rg2+ 56. Kd1 Rg1+ 57. Ke2 Rg4 58. Kf3 Rc4 59. Ke2 Rh4 60. Rf3+ Kg5 61. Kd2 Rc4 62. Rf5+ Kh6 63. Rb5 Rh4 64. Kc2 b3+ 65. Kxb3 Rh3+ 66. Ka4 Ra3+ 67. Kb4 Rb3+ 68. Kc4 Rxb5 69. Kxb5 Kg5 70. Kc6 Kh6 71. Kd7 Kg5 72. Ke7 Kh6 73. Kf7 1-0